00544nam a22001337a 4500008004100000040005500041080002500096245016600121260005900287300001000346650001700356653001300373700002400386230531b |||||||| |||| 00| 0 eng d aNational Science LibrarycNational Science Library aR 016:061.3(058)bL0 aYearbook of international congress proceedings : bBibliography of reports arising out of meetings held by international organizations during the years 1962-1969 aBelgium: bUnion of International Associations, c1970 a663p. aBibliography aYearbook aTew, Eyvind S (Ed.)